| 000 | 01453nam0a2200313 4500 | ||
|---|---|---|---|
| 001 | RU\NLR\BIBL_A\010200047 | ||
| 005 | 20140327144014.0 | ||
| 035 | _a(NLR Aleph) 010200047 | ||
| 090 |
_a10239029 _c10239029 |
||
| 100 | _a20140304d2005 km y0rusy50 ca | ||
| 101 | 0 | _arus | |
| 102 | _aRU | ||
| 105 | _aacbhz||||00yy | ||
| 200 | 1 |
_aВдоль по Пестеревской _fНадежда Бубис, Елена Ладейщикова, Александр Ладейщиков |
|
| 210 |
_aИркутск _cиздатель А.Н. Гаращенко _d2005 |
||
| 215 |
_a105, [3] с. _cил., цв. ил., портр., карт., факс. _d30 |
||
| 225 | 1 | _aИздательский проект "Улицы города" | |
| 225 | 1 | _aУлицы города | |
| 607 |
_aИркутск, город _xИстория _jФотоальбомы _2nlr_sh2 _3RU\NLR\AUTH\66314419 |
||
| 607 |
_aИркутск, город _xАрхитектура _jФотоальбомы _2nlr_sh2 _3RU\NLR\AUTH\6680881 |
||
| 686 | 1 | _aТ3(2Р-4Ир-2И)я6 | |
| 686 | 1 | _aЩ113(2Р=Рус)92Иркутск я61 | |
| 700 | 1 |
_aБубис _bН. Г. _gНадежда Г. |
|
| 701 | 1 |
_aЛадейщикова _bЕ. Р. _gЕлена Р. |
|
| 701 | 1 |
_aЛадейщиков _bА. Ю. _gАлександр Ю. |
|
| 942 | _cBOOK | ||
| 980 | _aNB | ||